Match each Fact with a "B" Country - Statistics

General Stats
  • This quiz has been taken 27 times
  • The average score is 11 of 17
Answer Stats
Hint Answer % Correct
This country brews over 1000 different types of beer Belgium
92%
This country has Lake Titicaca, the world's highest navigable lake at 3810 meter Bolivia
92%
This country is right on the edge of the infamous Bermuda Triangle Bahamas
81%
This country was the place where in 1914 Austrian Archduke Franz Ferdinand was shot. This action was the spark that ignited the First World War Bosnia and Herzegovina
81%
Rihanna, a singer and songwriter, was born in this country Barbados
77%
The leader of this country is the second richest monarch in the world, with a fortune of at least $25 billion USD Brunei
77%
This country has the largest number of Japanese people outside of Japan Brazil
69%
Plovdiv, the second largest city in this country, is the oldest continuously inhabited city in Europe Bulgaria
65%
This country is home to the Okavango delta, the world’s largest inland delta Botswana
62%
The Białowieża Forest in this country is home to 800 European bisons Belarus
58%
The flag of this country is the only one in the world that depicts people Belize
58%
This country's capital city is Porto-Novo Benin
58%
This country used to be known as Upper Volta untill it changed its name in 1984 Burkina Faso
54%
This country was once colonized by Belgium Burundi
50%
The capital of this country is the only capital in the world with no traffic lights Bhutan
46%
This country is located in the Sundarbans, the largest mangrove forest in the world Bangladesh
42%
This country is the third-smallest country in Asia Bahrain
38%
No matching quizzes found
Score Distribution
Percent of People with Each Score
Percentile by Number Answered
Your Score History
You have not taken this quiz